LEADER 01179nam 2200409 450 001 9910149192203321 005 20200520144314.0 010 $a1-4706-3796-0 035 $a(CKB)3710000000929573 035 $a(MiAaPQ)EBC4730702 035 $a(Au-PeEL)EBL4730702 035 $a(CaPaEBR)ebr11292804 035 $a(OCoLC)962153095 035 $a(EXLCZ)993710000000929573 100 $a20161117h20102010 uy 0 101 0 $aeng 135 $aurcnu|||||||| 181 $2rdacontent 182 $2rdamedia 183 $2rdacarrier 200 00$aLed zeppelin Physical Graffiti Alfred's platinum editions$iDrum set edition 210 1$aVan Nuys, California :$cAlfred Music,$d[2010] 210 4$d[2010] 215 $a1 online resource (74 pages) $cillustrations 225 1 $aAlfred's Platinum Album Editions 311 $a0-7390-6900-4 410 0$aAlfred's platinum album editions. 606 $aAlbum 615 0$aAlbum. 676 $a786.9 801 0$bMiAaPQ 801 1$bMiAaPQ 801 2$bMiAaPQ 906 $aBOOK 912 $a9910149192203321 996 $aLed zeppelin Physical Graffiti Alfred's platinum editions$92986110 997 $aUNINA LEADER 04004nam 22006973 450 001 9910860892603321 005 20231110230220.0 010 $a1-5036-3383-7 024 7 $a10.1515/9781503633834 035 $a(MiAaPQ)EBC30280408 035 $a(Au-PeEL)EBL30280408 035 $a(CKB)25509882800041 035 $a(DE-B1597)632958 035 $a(DE-B1597)9781503633834 035 $a(OCoLC)1350449795 035 $a(EXLCZ)9925509882800041 100 $a20221204d2023 uy 0 101 0 $aeng 135 $aurcnu|||||||| 181 $ctxt$2rdacontent 182 $cc$2rdamedia 183 $acr$2rdacarrier 200 10$aCritique of critique /$fRoy Ben-Shai 205 $a1st ed. 210 1$aAustin :$cStanford University Press,$d2023. 210 4$dİ2023. 215 $a1 online resource (261 pages) 225 1 $aSquare One: First-Order Questions in the Humanities 311 08$aPrint version: Ben-Shai, Roy Critique of Critique Austin : Stanford University Press,c2023 9781503633827 327 $tFrontmatter --$tContents --$tForeword --$tPreface --$tAbbreviations --$tIntroduction: Critique as Orientation --$tOverture: Basic Elements of Critique --$tPart 1 Aporias of Critique --$tOne. Critique of the Spectacle or the Spectacle of Critique --$tTwo. Critique of Power or the Power of Critique --$tThree. Critique of Injustice or the Injustice of Critique --$tFour. Critique of External Authority or the External Authority of Critique --$tPart 2 Architectonics of Critique --$tFive. Moral Ontologies of Critique --$tSix. Political Ontologies of Critique --$tSeven. Topologies of Critique --$tEight. Chronologies of Critique --$tConclusion. Critique and Its Betrayals --$tReferences --$tIndex 330 $aWhat is critique? How is it used and abused? At a moment when popular discourse is saturated with voices confronting each other about not being critical enough, while academic discourses proclaim to have moved past critique, this provocative book reawakens the foundational question of what 'critique' is in the first place. Roy Ben-Shai inspects critique as an orientation of critical thinking, probing its structures and assumptions, its limits and its risks, its history and its possibilities. The book is a journey through a landscape of ideas, images, and texts from diverse sources?theological, psychological, etymological, and artistic, but mainly across the history of philosophy, from Plato and Saint Augustine, through Kant and Hegel, Marx and Heidegger, up to contemporary critical theory. Along the way, Ben-Shai invites the reader to examine their own orientation of thought, even at the moment of reading the book; to question popular discourse; and to revisit the philosophical canon, revealing affinities among often antagonistic traditions, such as Catholicism and Marxism. Most importantly, Critique of Critique sets the ground for an examination of alternative orientations of critical thinking, other ways of inhabiting and grasping the world. 410 0$aSquare one : first order questions in the humanities. 606 $aCritical thinking 606 $aCriticism (Philosophy) 606 $aCriticism (Philosophy) 606 $aLITERARY CRITICISM / Semiotics & Theory$2bisacsh 610 $aAuthority. 610 $aConfession. 610 $aCritical thinking. 610 $aCritique. 610 $aEnlightenment. 610 $aHistory of philosophy. 610 $aOntology. 610 $aOrientations. 610 $aPower. 610 $aProgress. 610 $aRevolution. 610 $aSpectacle. 615 0$aCritical thinking. 615 0$aCriticism (Philosophy) 615 0$aCriticism (Philosophy). 615 7$aLITERARY CRITICISM / Semiotics & Theory. 676 $a142 700 $aBen-Shai$b Roy$01741480 801 0$bMiAaPQ 801 1$bMiAaPQ 801 2$bMiAaPQ 906 $aBOOK 912 $a9910860892603321 996 $aCritique of critique$94167516 997 $aUNINA